000 00919nam a22002297a 4500
999 _c9211
_d9211
003 AR-CdUCM
008 190327b ||||| |||| 00| 0 spa d
020 _a978-612-45994-0-8
040 _aMUNICIPALIDAD PROVINCIAL DEL CUSCO
_cBIBLIOTECA MUNICIPAL DEL CUSCO
082 _a869.57 /
_bSA18
100 _aSalazar Gamarra, René Roberto
_925278
245 _aCartas del naufragio /
_aSuites Londinenses /
260 _aLima :
_bParacaídas,
_c2011.
300 _a60 páginas ;
_a21 páginas ;
_c19 cm.
500 _aLibro consta con dos títulos independientes. Titulo y contesto en ingles.
505 _aContenido: Cartas del naufragio: Consolación de la poesía -- Pinturas -- Lima 2008 -- Cuadernos -- Mensajeras -- Naufragios -- Ventanas ... -- Suites Londinenses: Poesías.
650 _aLiteratura Peruana
_9132
650 _aSiglo XXI
_92856
650 _aPoesía
_9139
942 _2ddc
_cLIBROS
945 _aachl